| 000 | 00926cam a2200289 a 4500 | ||
|---|---|---|---|
| 003 | CHAP | ||
| 005 | 20220329142407.0 | ||
| 008 | 001115d1994 us r 00010 eng d | ||
| 010 | _a82820 | ||
| 011 | _a83792 | ||
| 035 | _a94308 | ||
| 040 | _cCHAP | ||
| 090 | _aR-3683 | ||
| 100 | 0 | 0 |
_aHaddad, Lawrence J. _952184 |
| 245 | 1 | 0 |
_aWomen's income and boy-girl anthropometric status in the côte d'ivoire _c/by Lawrence Haddad and John Hoddinott |
| 500 | _aSobretiro de: World Development 22 (4) : 543-553, 1994 | ||
| 590 |
_aBATCH-UPD _b10 _c20130110 _lUCH01 _h0944 |
||
| 590 |
_aBATCH-UPD _b10 _c20130410 _lUCH01 _h0559 |
||
| 590 |
_aCONVERSION _b10 _c20130109 _lUCH01 _h1346 |
||
| 650 | 1 | 4 |
_aAntropometria. _96147 |
| 650 | 1 | 4 |
_aTrabajo de la mujer. _9114490 |
| 700 | 0 |
_aHoddinott, John. _955732 |
|
| 901 | _aBK | ||
| 905 | _aMarco A. Mendoza T. | ||
| 942 | _cREIMP | ||
| 949 |
_aR-3683 _bBC _cR _d33724002016644 _eTS1 _i94308 _sb |
||
| 999 |
_c82820 _d82820 |
||